Transition to market studies in fiscal reform

Salvato in:
Dettagli Bibliografici
Altri autori: Tanzi, Vito
Natura: Libro
Lingua:inglese
Pubblicazione: Washington, D.C. IMF 1993
Soggetti:
Tags: Aggiungi Tag
Nessun Tag, puoi essere il primo ad aggiungerne!!

MARC

LEADER 00000nam$a2200000$$$4500
001 0011269
005 20240104132541.2
020 |a 1-55775-275-3 
041 0 |a eng 
044 |a US 
245 1 0 |a Transition to market  |b studies in fiscal reform  |c edited by Vito Tanzi 
264 1 |a Washington, D.C.  |b IMF  |c 1993 
300 |a 387 s. 
610 2 0 |a politika fiškálna 
610 2 0 |a SVE 
610 2 0 |a krajiny rozvojové 
610 2 0 |a trh finančný 
610 2 0 |a financie verejné 
610 2 0 |a hospodárstvo trhové 
610 2 0 |a reformy 
610 2 0 |a porovnanie medzinárodné 
610 2 0 |a svet 
700 1 |a Tanzi, Vito